Analýza opotrebených a poškodených strižníkov = Analysis of worn and damaged shearers : Bakalárska práca

Salvato in:
Dettagli Bibliografici
Autore principale: Marko, Marián, 1986- (Autore)
Altri autori: Mečiar, Svätopluk, 1948- (xxx)
Natura: Manoscritto Libro
Lingua:slovacco
Pubblicazione: Trnava : STU v Bratislave MTF UVTE KT, 2009
Soggetti:
Tags: Aggiungi Tag
Nessun Tag, puoi essere il primo ad aggiungerne!!

MARC

LEADER 00000ntm a22000003a 4500
001 stu191779
005 20160719160150.7
008 091007s2009----xo------------------slo-d
040 |a STU  |b slo 
041 0 |a slo 
044 |a xo 
100 1 |a Marko, Marián,  |d 1986-  |4 aut  |X 37479  |7 A000037479 
245 1 |a Analýza opotrebených a poškodených strižníkov = Analysis of worn and damaged shearers :  |b Bakalárska práca 
260 |a Trnava :  |b STU v Bratislave MTF UVTE KT,  |c 2009 
300 |a 58 s  |c 1 CD-ROM 
500 |a Študijný program: výrobné technológie 
500 |a Študijný odbor: 5.2.51 výrobné technológie 
650 7 |a strižné nástroje  |2 stusub 
650 7 |a strižnica  |2 stusub 
650 7 |a strižníky  |2 stusub 
700 1 |a Mečiar, Svätopluk,  |d 1948-  |4 xxx  |u M3000  |U MTF Materiálovotechnologická fakulta  |T MTF Ústav výrobných technológií  |X 30639  |U M3000  |Y 83  |7 A000030639 
996 |b 284M071078  |c M*BP-3767  |l MMSKP  |s P  |a 0  |w stu191779_0001